| 000 | 00799nam a2200253Ia 4500 | ||
|---|---|---|---|
| 003 | IN-BaIIA | ||
| 008 | 211028s9999 xx 000 0 eng d | ||
| 020 | _a92-9092-025-4 | ||
| 040 | _cIIA Library | ||
| 080 |
_a084.4:524.312-7 _bDOA |
||
| 100 |
_aDoazan, V. _917605 |
||
| 245 | 2 |
_aA be star atlas of far UV and optical high-resolution spectra _cV. Doazan…[et al.] |
|
| 260 |
_aNetherlands _bEuropean Space Agency _c1991 |
||
| 300 | _aiii, 379p. | ||
| 490 | _aESA SP; 1147 | ||
| 650 | _aAstronomy and astrophysics thesaurus | ||
| 650 |
_aBe star atlases _917606 |
||
| 650 |
_aBe stars _99478 |
||
| 650 |
_aBe Stars _99478 |
||
| 700 |
_aBarylak, M. _917607 |
||
| 700 |
_aRusconi, L. _917608 |
||
| 700 |
_aSedmak, G. _915043 |
||
| 942 | _cBK | ||
| 999 |
_c10357 _d10357 |
||